Kariera trenerska Michała Probierza. - Statystyki

Ogólne statystyki
  • Ten quiz został rozwiązany 66 razy
  • Średni wynik to 6 z 11
Statystyki odpowiedzi
Lata Drużyna % Poprawnych
2017-teraz Cracovia
93%
2008-2011 Jagiellonia Białystok
90%
2014-2017 Jagiellonia Białystok
90%
2012-2012 Wisła Kraków
66%
2013-2014 Lechia Gdańsk
62%
2011-2011 ŁKS Łódź
52%
2006-2007 Widzew Łódź
47%
2005-2006 Polonia Bytom
33%
2007-2008 Polonia Bytom
33%
2012-2012 GKS Bełchatów
26%
2011-2012 Aris Saloniki
21%
Nie znaleziono quizów pasujących do podanych kryteriów
Rozkład punktacji
Procent ludzi z każdym wynikiem
Percentyl według liczby udzielonych odpowiedzi
Twoja historia wyników
Nie rozwiązałeś tego quizu